|
|
|
|
| LEADER |
00000nab a2200000 a 4500 |
| 001 |
vtls000782318 |
| 003 |
SK-MaSNL |
| 005 |
20260304105457.0 |
| 008 |
250429c2001 xo 0 slo |
| 015 |
|
|
|a SNBRB2002/02-04205
|
| 035 |
|
|
|a CLN000134038
|
| 035 |
|
|
|a urn:nbn:sk:snk-ab32pc
|
| 035 |
|
|
|a (urnnbn)urn:nbn:sk:snk:ar-a05pbd
|
| 035 |
|
|
|a (uuid)7f724746-da0d-406a-af70-4fc3a5a7e949
|
| 040 |
|
|
|a SNKBUCL
|b slo
|c SNKBUCL
|e AACR2
|
| 041 |
0 |
|
|a slo
|
| 044 |
|
|
|a xo
|c SK
|
| 080 |
|
|
|a 801.316.4:61
|2 1997
|
| 080 |
|
|
|a 61:801.316.4
|2 1997
|
| 100 |
1 |
|
|a Beňačka, Jozef,
|d 1955-
|4 aut
|9 203722
|
| 245 |
1 |
0 |
|a Úskalia slovenského názvoslovia
|c Jozef Beňačka
|
| 650 |
0 |
7 |
|a medicína
|2 snkbucl
|9 899
|
| 650 |
0 |
7 |
|a lekárska terminológia
|2 snkbucl
|9 75146
|
| 650 |
0 |
7 |
|a slovenčina
|2 snkbucl
|9 1350
|
| 655 |
|
7 |
|a články z novín a časopisov
|2 snkbucl
|9 267496
|
| 773 |
0 |
|
|t Kardiológia
|g Roč. 10, č. 6 (2001)
|g S. K/C 128
|x 1210-0048
|x 1210-0048
|
| 773 |
0 |
|
|t [Príl.] Informácie SKS, SHS a PSNK
|g Roč. 10, č. 6 (2001)
|g S. K/C 128
|x 1210-0048
|x 1210-0048
|
| 850 |
|
|
|a Slovenská národná knižnica
|
| 852 |
|
|
|a Slovenská národná knižnica
|
| 958 |
|
|
|a article27
|
| 958 |
|
|
|a OND
|
| 958 |
|
|
|a MI
|
| 999 |
|
|
|c 2855849
|d 2857779
|